[Event "Titled Tuesday intern op 30th Apr Early"]
[Site "Chess.com INT"]
[Date "2024.04.30"]
[Round "8"]
[White "Hehir, Michael"]
[Black "Jimenez Salas, Maria Teresa"]
[Result "1-0"]
[WhiteElo "2009"]
[BlackElo "1946"]
[PlyCount "127"]
[EventDate "2024.04.30"]
[EventType "swiss (blitz)"]
[EventRounds "11"]
[EventCountry "USA"]
[SourceTitle "CB19_2024"]
[SourceDate "2024.05.08"]
[SourceVersion "1"]
[SourceVersionDate "2024.05.08"]
[SourceQuality "1"]

1. d4 d5 2. c4 c6 3. Nf3 Nf6 4. Nc3 e6 5. e3 Nbd7 6. Bd3 dxc4 7. Bxc4 b5 8. Bb3 Bb7 9. 0-0 a6 10. Bc2 c5 11. dxc5 Nxc5 12. Qe2 Be7 13. Rd1 Qc7 14. e4 0-0 15. Bg5 h6 16. Bh4 Rad8 17. Bg3 Qc6 18. Rac1 b4 19. Ne5 Qb6 20. Nb1 a5 21. Nc4 Qb5 22. f3 Ba6 23. b3 a4 24. Rxd8 Rxd8 25. Rd1 axb3 26. axb3 Rxd1+ 27. Qxd1 Qc6 28. Bd6 Bxd6 29. Qxd6 Qxd6 30. Nxd6 Kf8 31. Nd2 Ke7 32. N6c4 Ne8 33. Kf2 Nd6 34. Nxd6 Kxd6 35. Ke3 e5 36. g3 Ne6 37. f4 f6 38. Nf3 Nc5 39. h4 Bb7 40. fxe5+ fxe5 41. Nd2 Ba6 42. Nf3 Bc8 43. Nd2 Be6 44. Bd1 Ke7 45. Bc2 Kf6 46. Kf3 Bf7 47. Ke3 Ne6 48. Nc4 Nd4 49. Bd1 Bxc4 50. bxc4 b3 51. Be2 Ke6 52. Bd3 Kd6 53. Kd2 b2 54. Kc3 Kc5 55. Kxb2 Ne2 56. g4 Kd4 57. Bxe2 Kxe4 58. Kc3 Ke3 59. Bd1 e4 60. c5 Kf2 61. c6 e3 62. c7 e2 63. Bxe2 Kxe2 64. c8Q 1-0

[Event "Titled Tuesday intern op 30th Apr Early"]
[Site "Chess.com INT"]
[Date "2024.04.30"]
[Round "2"]
[White "Jimenez Salas, Maria Teresa"]
[Black "Reprintsev, Alexander"]
[Result "0-1"]
[WhiteElo "1946"]
[BlackElo "2241"]
[PlyCount "98"]
[EventDate "2024.04.30"]
[EventType "swiss (blitz)"]
[EventRounds "11"]
[EventCountry "USA"]
[SourceTitle "CB19_2024"]
[SourceDate "2024.05.08"]
[SourceVersion "1"]
[SourceVersionDate "2024.05.08"]
[SourceQuality "1"]

1. e4 e5 2. Nf3 Nc6 3. d4 exd4 4. Nxd4 Nf6 5. Nxc6 bxc6 6. e5 Nd5 7. Bd3 d6 8. exd6 cxd6 9. 0-0 Be7 10. c4 Nf6 11. Nc3 0-0 12. Bg5 h6 13. Bf4 Be6 14. Qc2 Nh5 15. Be3 Qd7 16. Rad1 Rfd8 17. f4 f5 18. c5 d5 19. Bd4 Bf6 20. Be2 Bxd4+ 21. Rxd4 Nf6 22. b4 Ne4 23. Nxe4 fxe4 24. Bh5 Bf7 25. Bxf7+ Qxf7 26. Qd2 a6 27. a3 Re8 28. Qe2 Qf5 29. a4 Kh7 30. Rb1 Qxf4 31. Rb3 Rf8 32. h3 Qe5 33. Rd1 Rf6 34. b5 axb5 35. axb5 cxb5 36. Rxb5 Raf8 37. c6 Rxc6 38. Rbxd5 Qf4 39. R5d4 Re6 40. Re1 Rfe8 41. Qb5 Qg3 42. Qe2 e3 43. Qf3 Qxe1+ 44. Kh2 Qf2 45. Qg4 Qf6 46. Rf4 Qe5 47. Kh1 Qxf4 48. Qxf4 e2 49. Qf5+ Kh8 0-1

[Event "Titled Tuesday intern op 30th Apr Early"]
[Site "Chess.com INT"]
[Date "2024.04.30"]
[Round "7"]
[White "Jimenez Salas, Maria Teresa"]
[Black "Winkels, Marcel"]
[Result "1-0"]
[WhiteElo "1946"]
[BlackElo "1915"]
[PlyCount "71"]
[EventDate "2024.04.30"]
[EventType "swiss (blitz)"]
[EventRounds "11"]
[EventCountry "USA"]
[SourceTitle "CB19_2024"]
[SourceDate "2024.05.08"]
[SourceVersion "1"]
[SourceVersionDate "2024.05.08"]
[SourceQuality "1"]

1. e4 Nf6 2. e5 Nd5 3. c4 Nb6 4. d4 d6 5. exd6 exd6 6. Nc3 Be7 7. Nf3 0-0 8. h3 Nc6 9. Bd3 Bf6 10. Be3 Re8 11. 0-0 Bd7 12. b3 Nb4 13. Bb1 g6 14. a3 Nc6 15. Qd2 Qe7 16. Re1 Qf8 17. Ne4 Rxe4 18. Bxe4 Re8 19. Bh6 Bg7 20. Bxg7 Qxg7 21. Bxc6 Bxc6 22. d5 Bd7 23. Rxe8+ Bxe8 24. Re1 Qf8 25. Qe3 Bd7 26. Qe7 Qxe7 27. Rxe7 Kf8 28. Re3 Bf5 29. Nd4 Bd7 30. a4 Nc8 31. Nb5 Bxb5 32. axb5 Nb6 33. Re2 Nd7 34. Ra2 Nc5 35. Rxa7 Nxb3 36. Rxb7 1-0

[Event "Titled Tuesday intern op 23rd Apr Late"]
[Site "Chess.com INT"]
[Date "2024.04.23"]
[Round "9"]
[White "Ambartsumova, Karina"]
[Black "Jimenez Salas, Maria Teresa"]
[Result "1-0"]
[WhiteElo "2406"]
[BlackElo "1946"]
[PlyCount "99"]
[EventDate "2024.04.23"]
[EventType "swiss (blitz)"]
[EventRounds "11"]
[EventCountry "USA"]
[SourceTitle "CB18_2024"]
[SourceDate "2024.05.01"]
[SourceVersion "1"]
[SourceVersionDate "2024.05.01"]
[SourceQuality "2"]

1. c4 c5 2. Nf3 Nc6 3. d4 cxd4 4. Nxd4 Nf6 5. Nc3 e6 6. a3 d5 7. e3 Be7 8. Be2 0-0 9. 0-0 dxc4 10. Nxc6 bxc6 11. Bxc4 Qxd1 12. Rxd1 Bb7 13. e4 Rfd8 14. Bf4 c5 15. f3 h6 16. Kf2 Kf8 17. Bc7 Rdc8 18. Be5 Rd8 19. Nb5 Ne8 20. Ke2 Bc6 21. Nc3 Nd6 22. Ba6 f6 23. Bg3 Rab8 24. Rd2 Rb6 25. Rad1 Rxa6 26. Bxd6 Bxd6 27. Rxd6 Rxd6 28. Rxd6 Ke7 29. Rd2 Rb6 30. Kd1 Rb7 31. Kc2 Rd7 32. Ne2 Rxd2+ 33. Kxd2 Kd6 34. Nf4 Ke5 35. Ke3 Bb5 36. Nh5 g6 37. f4+ Kd6 38. Nxf6 e5 39. g3 Ke6 40. Ng4 exf4+ 41. gxf4 h5 42. Nf2 Bf1 43. h4 Bb5 44. Nd3 Kd6 45. Ne5 Be8 46. Kd3 a6 47. Nc4+ Kc6 48. Kc3 Kc7 49. Ne5 Kd6 50. b3 1-0

[Event "Titled Tuesday intern op 16th Apr Late"]
[Site "Chess.com INT"]
[Date "2024.04.16"]
[Round "8"]
[White "Jimenez Salas, Maria Teresa"]
[Black "Reinecke, Katharina"]
[Result "1-0"]
[WhiteElo "1946"]
[BlackElo "1962"]
[PlyCount "51"]
[EventDate "2024.04.16"]
[EventType "swiss (blitz)"]
[EventRounds "11"]
[EventCountry "USA"]
[SourceTitle "CB17_2024"]
[SourceDate "2024.04.24"]
[SourceVersion "1"]
[SourceVersionDate "2024.04.24"]
[SourceQuality "1"]

1. e4 c6 2. d4 d5 3. Nc3 dxe4 4. Nxe4 Bf5 5. Ng3 Bg6 6. h4 h6 7. Nf3 Nd7 8. Bd3 Bxd3 9. Qxd3 e6 10. Bd2 Ngf6 11. 0-0-0 Be7 12. Kb1 0-0 13. Ne4 Nxe4 14. Qxe4 Nf6 15. Qe2 Qc7 16. Rhg1 c5 17. g4 cxd4 18. Nxd4 Nd5 19. g5 hxg5 20. hxg5 Rfc8 21. Rc1 Nb4 22. Nxe6 fxe6 23. Qxe6+ Kf8 24. g6 Bd6 25. Rh1 Nd3 26. Rh8# 1-0

[Event "Titled Tuesday intern op 16th Apr Late"]
[Site "Chess.com INT"]
[Date "2024.04.16"]
[Round "6"]
[White "Jimenez Salas, Maria Teresa"]
[Black "Vila Dupla, Aurelio"]
[Result "1-0"]
[WhiteElo "1946"]
[BlackElo "2042"]
[PlyCount "91"]
[EventDate "2024.04.16"]
[EventType "swiss (blitz)"]
[EventRounds "11"]
[EventCountry "USA"]
[SourceTitle "CB17_2024"]
[SourceDate "2024.04.24"]
[SourceVersion "1"]
[SourceVersionDate "2024.04.24"]
[SourceQuality "1"]

1. e4 c5 2. Nf3 d6 3. d4 cxd4 4. Nxd4 Nf6 5. f3 e5 6. Nb3 d5 7. Bg5 d4 8. c3 Nc6 9. cxd4 Bb4+ 10. Nc3 exd4 11. a3 Be7 12. Nb5 h6 13. Bf4 0-0 14. N3xd4 Nxd4 15. Qxd4 Bd7 16. Be2 Bxb5 17. Qxd8 Rfxd8 18. Bxb5 Bc5 19. Ke2 Bd4 20. Rab1 a6 21. Bd3 Rac8 22. Rhd1 Nd7 23. Be3 Ne5 24. Bxd4 Rxd4 25. Ke3 Rcd8 26. Be2 Nc4+ 27. Kf2 Rxd1 28. Rxd1 Rxd1 29. Bxd1 Nxb2 30. Bb3 Nd3+ 31. Ke3 Nc5 32. Bd5 b6 33. Kd4 Kf8 34. Bc4 Ke7 35. a4 a5 36. Bb5 Kd6 37. e5+ Kc7 38. Kd5 Nb3 39. f4 Nd2 40. f5 Nb3 41. e6 fxe6+ 42. Kxe6 Nd4+ 43. Kf7 Nxf5 44. Kg6 Nd4 45. Be8 b5 46. axb5 1-0

[Event "Titled Tuesday intern op 02nd Apr Early"]
[Site "Chess.com INT"]
[Date "2024.04.02"]
[Round "3"]
[White "Jimenez Salas, Maria Teresa"]
[Black "Dziewonski, Dariusz"]
[Result "0-1"]
[WhiteElo "1946"]
[BlackElo "2289"]
[PlyCount "42"]
[EventDate "2024.04.02"]
[EventType "swiss (blitz)"]
[EventRounds "11"]
[EventCountry "USA"]
[SourceTitle "CB15_2024"]
[SourceDate "2024.04.10"]
[SourceVersion "1"]
[SourceVersionDate "2024.04.10"]
[SourceQuality "1"]

1. e4 e5 2. Nf3 Nc6 3. d4 exd4 4. Nxd4 Nf6 5. Nc3 Bb4 6. Nxc6 bxc6 7. Bd3 d5 8. exd5 cxd5 9. 0-0 0-0 10. Bd2 Rb8 11. a3 Bd6 12. Nb5 Be5 13. Bc3 Bxc3 14. Nxc3 Rxb2 15. Nb5 c6 16. Nxa7 Bd7 17. Rb1 Rxb1 18. Qxb1 Qb8 19. Qxb8 Rxb8 20. c4 Rb7 21. cxd5 cxd5 0-1

[Event "Swiss Queens Wed #8"]
[Site "FIDE Online Arena INT"]
[Date "2024.03.20"]
[Round "6"]
[White "Milner, Romi"]
[Black "Jimenez Salas, Maria Teresa"]
[Result "1-0"]
[WhiteElo "1830"]
[BlackElo "1939"]
[PlyCount "73"]
[EventDate "2024.03.20"]
[EventType "swiss (blitz)"]
[EventRounds "11"]
[EventCountry "NET"]
[SourceTitle "CB13_2024"]
[SourceDate "2024.03.27"]
[SourceVersion "1"]
[SourceVersionDate "2024.03.27"]
[SourceQuality "1"]

1. d4 d5 2. Nf3 Nf6 3. Bf4 c5 4. e3 Nc6 5. Nbd2 Bf5 6. c3 h6 7. dxc5 e6 8. b4 Ne4 9. Nxe4 dxe4 10. Nd4 Be7 11. Nxc6 bxc6 12. Qxd8+ Rxd8 13. Rd1 Bf6 14. Rxd8+ Kxd8 15. Kd2 e5 16. Bg3 Ke7 17. Bc4 Rd8+ 18. Kc2 Bg4 19. h3 Bh5 20. Bh2 Bh4 21. Bxe5 Bxf2 22. Bxg7 Bxe3 23. Re1 Rg8 24. Rxe3 Rxg7 25. Rxe4+ Kd7 26. Rd4+ Kc7 27. Rd2 Rg3 28. Rf2 Bg6+ 29. Kb2 f5 30. Be6 Rg5 31. a4 Bh7 32. Rd2 Rg7 33. b5 Re7 34. Bc4 cxb5 35. axb5 Re5 36. Rd5 Re2+ 37. Bxe2 1-0